000 00323nam a22001337a 4500
008 170619b xxu||||| |||| 00| 0 eng d
020 _a9780813344188
041 _aeng
080 _a327
100 _a20
101 _aSHP
245 _aFUNDAMENTAL PRINCIPLES OF INTERNATIONAL RELATIONS
_cROCHESTER,J.M
942 _2udc
_cBK
999 _c18029
_d18029